000 06396cam a22018254i 4500
003 PE-LiUPU
005 20250813165701.0
008 150625s r 000 0 d
020 _a9706863575
035 _a(Sirsi) i9789706863577
040 _aPE-LiUPU
_bspa
_cPE-LiUPU
_erda
049 _aPRUA
082 0 4 _a608
_bD49
_221
100 1 _aRío González, Cristóbal del,
_d1931- ,
_eautor.
245 1 3 _aEl presupuesto :
_bgeneralidades, tradicional, áreas y niveles de responsabilidad, programas y actividades, base cero, así como teoría y práctica /
_cCristóbal del Río Gonzáles.
250 _a9a
264 1 _aMéxico :
_bThomson,
_c2003.
300 _apaginación variada :
_bilustraciones ;
_c22 centímetros
336 _atext
_2rdacontent
337 _aunmediated
_2rdamedia
338 _avolume
_2rdacarrier
504 _aIncluye bibliografía.
505 0 _aGeneralidades sobre administración. -Etimología y concepto de presupuesto. -Orígnes y evolución de "El presupuesto". -Objetivos de "el presupuesto". -Requisitos para un buen presupuesto. -Características de "el presupuesto". -Clasificación de "El presupuesto". -Por el tipo de empresa. -Por su contenido. -Por su forma. -Por su duración. -Por la técnica de valuación. -Por su reflejo en los estados financieros. -Por las finalidades que pretende. -De trabajo. -Presupuesto flexible. -Presupuestos público y privado. -Punto de equilibrio. -Integración del control presupuestal. -Responsabilidad, preparación, manejo, y administación. -Presupuestos de ingresos. -Presupuestos de egresos e inversiones. -Presupuesto del costo de producción de lo vendido. -Presupuesto financiero. -Resultados presupuestos. -Posición financiera, presupuesta. -Origen y aplicación de recursos, presupuesto. -Determinación y estudio de las variaciones o desviaciones. -Instructivo gráfico, sintético, de la secuencia presupuestal, por presupuestos parciales. -Principales ventajas y limitaciones de la técnica presupuestal. -Principales causas de ineficiencia del sistema presupuestal. -Interdependencia presupuestal. -Interrelación y secuencia de los presupuestos. -Aplicación del camino crítico en la técnica presupuestal. -Caso práctico de integración presupuestal. -Presupuesto por áreas y niveles de responsabilidad. -Presupuesto por programas y actividades. -Etapas en la implantación y procedimientos. -Codificación prográmatica presupuestaria. -Medición, evaluación, y valuación de los resultados y de los costos. -Medición de los resultados y de los costos. -Diferencias con el presupuesto tradicional. -Ventajas y limitaciones. -Presupuesto base cero (de pyhrr). -Antecedentes. -¿Qué es el presupuesto base cero?. -¿Cómo es el presupuesto base cero?. -¿Qué es el paquete de decisión?. -Campo de acción del sistema base cero. -Ventajas e inconvenientes. -La administración, la contaduría, y el presupuesto.
526 _aP203
526 _aP200
526 _aSEG65
526 _aSEG64
526 _aSEG63
526 _aSEG62
526 _aSEG61
526 _aSEG60
526 _aSEG59
526 _aSEG58
526 _aSEG57
526 _aSEG56
526 _aSEG55
526 _aSEG54
526 _aSEG53
526 _aSEG52
526 _aSEG51
526 _aSEG50
526 _aSEG49
526 _aSEG48
526 _aSEG47
526 _aSEG46
526 _aSEG24
526 _aSEG23
526 _aSEG22
526 _aSEG21
526 _aSEG20
526 _aSEG19
526 _aSEG18
526 _aSEG17
526 _aSEG16
526 _aSEG14
526 _aSEG13
526 _aSEG12
526 _aSEG11
526 _aSEG10
526 _aSEG09
526 _aSEG06
526 _aSEG05
526 _aSEG04
526 _aSEG03
526 _aSEG02
526 _aSEG68
526 _aSEG66
526 _aSEG45
526 _aSEG25
526 _aSEG01
526 _aP163
526 _aP162
526 _aP161
526 _aP160
526 _aP159
526 _aP158
526 _aP157
526 _aP156
526 _aP155
526 _aP154
526 _aP153
526 _aP152
526 _aP151
526 _aP150
526 _aP149
526 _aP142
526 _aP141
526 _aP140
526 _aP139
526 _aP138
526 _aP137
526 _aP132
526 _aP131
526 _aP130
526 _aP126
526 _aP125
526 _aP124
526 _aP123
526 _aP115
526 _aP122
526 _aP121
526 _aP116
526 _a P114
526 _aP112
526 _aP111
526 _aP104
526 _aP103
526 _aP102
526 _aP101
526 _aP100
526 _aP96
526 _aP95
526 _aP93
526 _aP92
526 _aP91
526 _aP88
526 _aP83
526 _aP82
526 _aP79
526 _aP78
526 _aP75
526 _aP74
526 _aP71
526 _aP69
526 _a P51
526 _aP49
526 _aP48
526 _aP47
526 _aP33
526 _aP31
526 _a P30
526 _aP29
526 _aP27
526 _aP26
526 _aP25
526 _aP24
526 _a P22
526 _aP10
526 _aP09
526 _a P08
526 _aP06
526 _aP05
526 _aP04
526 _aP01
541 _g045-0001432;
541 _g100-0176228;
650 0 4 _aPresupuesto.
_94746
942 _2ddc
_cBOOK
949 _a608 D49
_wDEWEY
_c1
_i60023
_lCCODEBUL1
_mBUL
_p24.00
_r0
_sY
_tBOOK
_u2015-6-25
_xFCE
_PP04
_0COMPRA
_o.STAFF. Colección General
949 _a608 D49
_wDEWEY
_c2
_i57783
_lCCODEBUL1
_mBUL
_p25.00
_r0
_sY
_tBOOK
_u2015-6-25
_xFCE
_PP08
_0COMPRA
_o.STAFF. Colección General
994 _aC0
_bPEPRU
596 _a1
999 _a608 D49
_wDEWEY
_c46780
_i60023
_f2021-11-5
_g6
_lCCODEBUL1
_mBUL
_p24.00
_r0
_sY
_tBOOK
_u2015-6-25
_xBIBLIOTECA
_PP04
_0COMPRA
_o.STAFF. Colección General
_d46780
999 _a608 D49
_wDEWEY
_c2
_i57783
_f2021-11-5
_g6
_lCCODEBUL1
_mBUL
_p25.00
_r0
_sY
_tBOOK
_u2015-6-25
_xBIBLIOTECA
_PP08
_0COMPRA
_o.STAFF. Colección General
980 _81
_gALBERTO SANCHEZ Responsable de Automatización